Wheel of Time Red Ajah Sudden Death - Statistics

General Stats
  • This quiz has been taken 21 times
  • The average score is 7 of 18
Answers on the Grid
Answers color-coded by a green-red scale on the quiz's grid according to % correct below.
Amira Moselle
Tesien Jorhald
Tetsuan
Cariandre Temalien
Desala Nevanche
Elaida a'Roihan
Galina Casban
Jezrail
Jenare Balmaen
Katerine Alruddin
Laigin Arnault
Lemai Ambani
Liandrin Guirale
Memara
Pevara Tazanovni
Tarna Feir
Sashalle Anderly
Silviana Brehon
Caraighan Maconar
Mabriam en Shereed
Cadsuane Melaidhrin
Niande Moorwyn
Moiraine Damodred
Nynaeve al'Meara
Temaile Kinderode
Chesmal Emry
Anlee
Larelle Tarsi
Kerene Nagashi
Seaine Herimon
 
Answer Stats
Answer % Correct
Elaida a'Roihan
69%
Galina Casban
69%
Liandrin Guirale
69%
Katerine Alruddin
54%
Pevara Tazanovni
54%
Silviana Brehon
54%
Tarna Feir
46%
Desala Nevanche
38%
Tesien Jorhald
38%
Cariandre Temalien
31%
Jenare Balmaen
31%
Jezrail
31%
Laigin Arnault
31%
Sashalle Anderly
31%
Tetsuan
31%
Amira Moselle
23%
Lemai Ambani
23%
Memara
23%
No matching quizzes found
Score Distribution
Percent of People with Each Score
Percentile by Number Answered
Your Score History
You have not taken this quiz